00518nam a2200157Ia 4500008004000000020001800040082001600058100002200074245005100096260003500147300000800182690001800190906001100208999001700219952012400236210210b1974 xxu||||| |||| 00| 0 eng d a0 7069 0334 X a305.43 KAPC aKAPUR (Promilla). aChanging status of the working women in India. aDelhibVikas Publishing.c1974 a178 aWomen Studies a031879 c82994d82994 001040708SociologyaALbALcSociologyd2021-02-17g0.00l0o305.43 KAPCp031879r2021-02-17 00:00:00w2021-02-17yBK